Especie nueva de Espeletiopsis (Asteraceae, Heliantheae) de Colombia (Registro nro. 16063)

Detalles MARC
000 -CABECERA
Campo de control 004220000a22001210004500
090 ## - CLASIFICACIÓN LOCAL
Colección AS
Consecutivo Seriadas
041 0# - IDIOMA
Código de idioma para texto/pista de sonido o título separado
100 1# - ASIENTO PRINCIPAL--NOMBRE PERSONAL
Nombre personal Díaz Piedrahita, Santiago
245 10 - MENCION DE TITULO
Título Especie nueva de Espeletiopsis (Asteraceae, Heliantheae) de Colombia
700 1# - ASIENTO SECUNDARIO - NOMBRE PERSONAL
Nombre personal Obando, Sandra
773 1# - Item fuente:
Título Revista de la Academia Colombiana de Ciencias Exacta, Físicas y Naturales
Descripción física 108
Paginas del Articulo 323-326
Lugar, editorial y fecha de publicación 2004
Información sobre la relación 28
942 ## - ELEMENTOS ADICIONALES (KOHA)
Tipo de ítem Artículo

No hay ítems disponibles.